Popularne albumy rap/trap tygodnia 19-25.02 - Statystyki

Ogólne statystyki
  • Ten quiz został rozwiązany 10 razy
  • Średni wynik to 12 z 15
Statystyki odpowiedzi
Wykonawca Data wydania Album % Poprawnych
SB Maffija 8 czerwca 2020 Hotel Maffija
100%
Bedoes & Lanek 15 stycznia 2021 Rewolucja Romantyczna
100%
Mata 17 stycznia 2020 100 dni do matury
88%
chillwagon 22 grudnia 2020 Chillwagon 2.0
88%
Białas 5 sierpnia 2020 H8M5
88%
Bedoes & Lanek 29 listopada 2019 Opowieści z Doliny Smoków
88%
Guzior 4 grudnia 2020 PLEŚŃ
88%
Kizo 23 października 2020 Posejdon
88%
Kali & Major SPZ 11 grudnia 2020 Hucpa
75%
Kabe 20 listopada 2020 Mowgli
75%
Quebonafide 1 kwietnia 2020 Romantic Psycho
75%
Szpaku 21 stycznia 2021 Różowa Pantera
75%
Pezet 27 września 2019 Muzyka współczesna
63%
White 2115 28 sierpnia 2020 Rockstar: Do zachodu słońca
63%
Żabson 1 lutego 2021 Ziomalski Mixtape
63%
Nie znaleziono quizów pasujących do podanych kryteriów
Rozkład punktacji
Procent ludzi z każdym wynikiem
Percentyl według liczby udzielonych odpowiedzi
Twoja historia wyników
Nie rozwiązałeś tego quizu